| 000 | 00356nam a2200145Ia 4500 | ||
|---|---|---|---|
| 008 | 230917s9999||||xx |||||||||||||| ||und|| | ||
| 040 |
_e78496 _aMAIN |
||
| 041 | _aEnglish | ||
| 082 | _a340 S72S | ||
| 100 | _aStone, Julius | ||
| 245 | 0 | _aSocial dimensions of law and justice | |
| 260 |
_aSydney _bMaitland _c1977 |
||
| 300 | _axxv, 933 p. | ||
| 942 | _cBK | ||
| 999 |
_c223325 _d223325 |
||